000 00713nam a2200229 i 4500
001 15109
003 ES-MaACL
005 20250911062823.0
007 t|
008 991222s1975 sp ||||1| spa d
020 _a84-7053-129-8
080 _a821.134.2-14"19"
100 1 _aMunárriz, Jesús.
_984170
245 1 0 _aViajes y estancias ; seguido de De aquel amor me quedan estos versos /
_cJesús Munárriz.
260 _aMadrid :
_bVisor,
_c[1975]
300 _a59 p. ;
_c19 cm.
490 1 _aColección Visor de poesía ;
_v51
740 0 _aDe aquel amor me quedan estos versos.
830 0 _aColección Visor de poesía
_v51
_9177331
852 _aES-MaACL
_jL-22281
_bR.127706
999 _c15109
_d15109